Hegel in der Sicht der Neueren Forschung
保存先:
| 第一著者: | |
|---|---|
| フォーマット: | 図書 |
| 言語: | ドイツ語 |
| 出版事項: |
Darmstadt
Wissenschaftliche Buchgesellschaft
1973
|
| シリーズ: | Wege der Forschung, 3
|
| 主題: | |
| タグ: |
タグ追加
タグなし, このレコードへの初めてのタグを付けませんか!
|
MARC
| LEADER | 00000nam a2200000 a 4500 | ||
|---|---|---|---|
| 001 | UCZ3056 | ||
| 003 | CL-VaPUC | ||
| 005 | 20230421074439.0 | ||
| 008 | 951013e19730000GW |||||||||||||||||ger|d | ||
| 999 | |c 239585 |d 239583 | ||
| 040 | |c Pontificia Universidad Católica de Valparaíso | ||
| 082 | 0 | 4 | |a 147 |b FET |2 21 |
| 100 | 0 | |a Fetscher, Iring |e author |9 346845 | |
| 245 | 1 | 0 | |a Hegel in der Sicht der Neueren Forschung |
| 260 | |a Darmstadt |b Wissenschaftliche Buchgesellschaft |c 1973 | ||
| 300 | |a 486 p | ||
| 490 | 0 | |a Wege der Forschung, 3 | |
| 583 | |a last modification |c 19951013 00:00:00 |k Rodrigo Vera | ||
| 600 | 0 | |a Hegel, Georg Wilhelm Friedrich |d 1770-1831 |9 860268 | |
| 650 | 0 | |a Idealismo |9 265685 | |
| 650 | 0 | |a Filosofía alemana |9 265002 | |
| 650 | 0 | |a Escuelas filosóficas |9 266232 | |
| 942 | |c BK |2 ddc | ||
| 945 | |d 19951013 00:00:00 |a lriquelm | ||
| 952 | |0 0 |1 0 |4 0 |6 147_000000000000000_FET_1973 |7 0 |8 P |9 250846 |a BIBEDU |b BIBEDU |c BIBEDU_PB |d 2019-11-18 |i 1583484 |o 147 FET 1973 |p 1583484 |r 2024-01-25 |w 2019-11-18 |y BK |k FIL | ||